Central Library OPAC University of Rajshahi

Technology and employment in industry : (Record no. 4025)

MARC details
000 -LEADER
fixed length control field 00950nam a2200277 a 4500
001 - CONTROL NUMBER
control field 4025
003 - CONTROL NUMBER IDENTIFIER
rucl marc code BD-RjUL
005 - DATE AND TIME OF LATEST TRANSACTION
control field 20211208233824.0
008 - FIXED-LENGTH DATA ELEMENTS--GENERAL INFORMATION
fixed length control field 131221m19811975sz i000 0 eng d
020 ## - INTERNATIONAL STANDARD BOOK NUMBER
International Standard Book Number 9221024660 (pbk.)
International Standard Book Number 9221024695
035 ## - SYSTEM CONTROL NUMBER
System control number 9221024660
-- (BD-RjUL)4059
040 ## - CATALOGING SOURCE
Original cataloging agency GSU
Transcribing agency GSU
Language of cataloging eng
Modifying agency BD-RjUL
041 ## - LANGUAGE CODE
Language code of text/sound track or separate title eng
082 ## - DEWEY DECIMAL CLASSIFICATION NUMBER
Edition number 338.4
Author mark and year TEC
245 00 - TITLE STATEMENT
Title Technology and employment in industry :
Remainder of title a case study approach /
Statement of responsibility, etc. edited by A.S. Bhalla ; foreword by Amartya Sen
250 ## - EDITION STATEMENT
Edition statement 2nd rev. and enl. ed.
260 ## - PUBLICATION, DISTRIBUTION, ETC. (IMPRINT)
Place of publication, distribution, etc. Geneva :
Name of publisher, distributor, etc. International Labour Office,
Date of publication, distribution, etc. c1981.
300 ## - PHYSICAL DESCRIPTION
Pagination xv, 389 p. :
Illustrations ill ;
Size 25 cm.
504 ## - BIBLIOGRAPHY, ETC. NOTE
Bibliography, etc Bibliography: p. 381-389
650 #0 - SUBJECT ADDED ENTRY--TOPICAL TERM
Topical term or geographic name as entry element Technological innovations
General subdivision Case studies
9 (RLIN) 12813
Topical term or geographic name as entry element Developing countries
General subdivision Technology
-- Case studies
9 (RLIN) 12814
Topical term or geographic name as entry element Production functions (Economic theory)
General subdivision Case studies
9 (RLIN) 12815
700 1# - ADDED ENTRY--PERSONAL NAME
Personal name Bhalla, A. S.
942 ## - ADDED ENTRY ELEMENTS (KOHA)
Source of classification or shelving scheme Dewey Decimal Classification
Koha item type Books
Holdings
Lost status Source of classification or shelving scheme Damaged status Not for loan Collection code Permanent Location Current Location Shelving location Date acquired Source of acquisition Cost, normal purchase price Total Checkouts Full call number Date last seen Date checked out Copy number Koha item type
  Dewey Decimal Classification     Non-fiction Central Library, University of Rajshahi Central Library, University of Rajshahi   31/07/1982 Heffers. 9.40 1 338.4 TEC 1981 05/07/2017 25/05/2017 C-2 Books
  Dewey Decimal Classification     Non-fiction Central Library, University of Rajshahi Central Library, University of Rajshahi   31/07/1982 Heffor 9.40   338.4 TEC 1981 28/06/2016   C-3 Books